[Event "Berlin-ch QT"]
[Site "Berlin"]
[Date "2018.04.03"]
[Round "4"]
[White "Haenisch, Christoph"]
[Black "Kutschke, Jens"]
[Result "0-1"]
[WhiteElo "1805"]
[BlackElo "1985"]
[PlyCount "94"]
[EventDate "2018.03.31"]
[EventType "swiss"]
[EventRounds "9"]
[EventCountry "GER"]
[SourceTitle "EXT 2020"]
[Source "ChessBase"]
[SourceDate "2019.10.17"]
[SourceVersion "1"]
[SourceVersionDate "2019.10.17"]
[SourceQuality "1"]

1. d4 Nf6 2. c4 g6 3. Nc3 d5 4. cxd5 Nxd5 5. e4 Nxc3 6. bxc3 Bg7 7. Bc4 c5 8. Ne2 Nc6 9. Be3 Qa5 10. 0-0 cxd4 11. cxd4 0-0 12. Qb3 b6 13. Rac1 Bb7 14. Bd5 Rac8 15. Rc4 Qa6 16. Qb2 e6 17. Bxc6 Bxc6 18. Rc3 Bxe4 19. Ra3 Qb7 20. f3 Rc2 21. Qb5 Bd5 22. Nc3 Rc8 23. Qd3 Rb2 24. Nxd5 Qxd5 25. Rxa7 Rxa2 26. Rxa2 Qxa2 27. Qb5 Qa3 28. Bf2 Qd6 29. Rd1 Qc6 30. Qa6 Ra8 31. d5 exd5 32. Qxb6 Qc2 33. Rf1 Qc4 34. Rd1 h5 35. Qb7 Rc8 36. Qd7 Qc6 37. Qa7 Ra8 38. Qe7 Bf6 39. Qb4 Ra4 40. Qd2 d4 41. Rc1 Qa8 42. Qf4 Kg7 43. Bh4 Bxh4 44. Qxh4 d3 45. Qf2 Kh7 46. Qd2 Qa7+ 47. Kf1 Ra2 0-1

[Event "Naumburg Osteropen 9th"]
[Site "Naumburg Saale"]
[Date "2014.04.20"]
[Round "4.10"]
[White "Haenisch, Christoph"]
[Black "Duensing, Hartwig"]
[Result "1/2-1/2"]
[WhiteElo "1893"]
[BlackElo "1723"]
[PlyCount "49"]
[EventDate "2014.04.19"]
[EventType "swiss"]
[EventRounds "5"]
[EventCountry "GER"]
[SourceTitle "EXT 2020"]
[Source "ChessBase"]
[SourceDate "2019.10.17"]
[SourceVersion "1"]
[SourceVersionDate "2019.10.17"]
[SourceQuality "1"]

1. d4 Nf6 2. c4 c5 3. d5 e6 4. Nc3 exd5 5. cxd5 d6 6. e4 g6 7. h3 Bg7 8. Nf3 0-0 9. Bd3 a6 10. a4 Re8 11. 0-0 Nbd7 12. Bf4 Qc7 13. Nd2 Nh5 14. Bh2 Ne5 15. Be2 Nf6 16. f4 Ned7 17. Qc2 Rb8 18. Rfe1 b6 19. Bf1 Bb7 20. Nc4 Nh5 21. g4 Bd4+ 22. Kh1 Nhf6 23. Bg2 Re7 24. e5 Rbe8 25. Qd2 1/2-1/2

[Event "Berlin Neukoelln op 10th"]
[Site "Berlin"]
[Date "2004.05.21"]
[Round "5"]
[White "Haenisch, Christoph"]
[Black "Naether, Edgar"]
[Result "1/2-1/2"]
[WhiteElo "1614"]
[BlackElo "1308"]
[PlyCount "118"]
[EventDate "2004.04.25"]
[EventType "swiss"]
[EventRounds "7"]
[EventCountry "GER"]
[SourceTitle "EXT 2022"]
[Source "ChessBase"]
[SourceDate "2021.10.06"]
[SourceVersion "1"]
[SourceVersionDate "2021.10.06"]
[SourceQuality "1"]

1. d4 Nf6 2. c4 e6 3. Nc3 d5 4. Bg5 Be7 5. e3 0-0 6. Nf3 Nc6 7. Rc1 a6 8. a3 dxc4 9. Bxc4 b5 10. Bd3 Bb7 11. Bxf6 Bxf6 12. b4 Rc8 13. Qc2 h6 14. Ne4 Be7 15. 0-0 Re8 16. Rfd1 Qd5 17. Nc5 Bxc5 18. Qxc5 Ne7 19. Qxd5 Nxd5 20. Ne5 Nf6 21. Rc2 Re7 22. Rdc1 Be4 23. Bxe4 Nxe4 24. Nc6 Rd7 25. Na5 c5 26. f3 Nf6 27. Rxc5 Rxc5 28. Rxc5 Nd5 29. Kf2 Rc7 30. g3 Kf8 31. Nc6 Rc8 32. e4 Nb6 33. Na5 Ke7 34. Rxc8 Nxc8 35. Nc6+ Kd6 36. Nb8 Nb6 37. Nxa6 Nc4 38. Ke2 Nxa3 39. Kd3 f6 40. Nc5 Nc4 41. Nb3 Nb2+ 42. Kc2 Nc4 43. Nd2 Nb6 44. Nb1 Na8 45. Nc3 Nc7 46. f4 g6 47. g4 e5 48. dxe5+ fxe5 49. f5 g5 50. Kd3 Kc6 51. Nd1 Kd6 52. Ne3 Kc6 53. Ng2 Ne8 54. h4 Nd6 55. hxg5 hxg5 56. Ne3 Kd7 57. Nd5 Ke8 58. Nc7+ Kd7 59. Ne6 Nf7 1/2-1/2